000 00572nam a2200229Ia 4500
003 OSt
005 20221005121226.0
006 a|||||r|||| 00| 0
007 ta
008 221004b |||||||| |||| 00| 0 eng d
024 _a65992
037 _cTextual
040 _aCRL
_cCRL
_beng
041 _2eng
_aeng
082 _aV53:25:L7, 122G2
100 _aLe Febvre Georges
_9630267
245 0 _aGrande peur de 1789
260 _c1932
650 _aHISTORY
942 _hV53:25:L7, 122G2
_cTEXL
_2cc
999 _c1040504
_d1040504